APEC Schools

Cultures and organizations : software of the mind (Record no. 7805)

000 -LEADER
fixed length control field nam a22 7a 4500
005 - DATE AND TIME OF LATEST TRANSACTION
control field 20190730074352.0
008 - FIXED-LENGTH DATA ELEMENTS--GENERAL INFORMATION
fixed length control field 190730b xxu||||| |||| 00| 0 eng d
020 ## - IDENTIFIER FOR THE MANIFESTATION
Identifier for the Manifestation 0070293074
Binding paperback
040 ## - CATALOGING SOURCE
Language of Cataloging eng
Transcribing Agency APEC Schools Library
Description Conventions rda
082 ## - DEWEY DECIMAL CLASSIFICATION NUMBER
Classification number C 306
Author's Number H6779c 1991
100 ## - CREATOR
Preferred Name of the Person Hofstede, Geert
245 ## - TITLE AND STATEMENT OF RESPONSIBILITY
Preferred Title Proper Cultures and organizations : software of the mind
Statement of Responsibility/Parallel Statement of Responsibility Geert Hofstede
264 ## - PUBLICATION STATEMENT
Place of publication, distribution, etc New York :
Publisher's Name/Parallel Publisher's Name McGraw-Hill,
Copyright ©1991.
300 ## - PHYSICAL DESCRIPTION
Extent xvi, 279 pages ;
336 ## - RDA CONTENT
Source rdacontent
Content Type text
337 ## - RDA MEDIA
Source rdamedia
Media Type unmediated
338 ## - RDA CARRIER
Source rdacarrier
Carrier Type volume
504 ## - BIBLIOGRAPHY, ETC. NOTE
Bibliography, etc Includes bibliographical references and index.
650 ## - ADDED SUBJECT ACCESS POINT - TOPICAL TERM
Topical Term Intercultural communication.
650 ## - ADDED SUBJECT ACCESS POINT - TOPICAL TERM
Topical Term Organization--Research.
650 ## - ADDED SUBJECT ACCESS POINT - TOPICAL TERM
Topical Term International cooperation.
650 ## - ADDED SUBJECT ACCESS POINT - TOPICAL TERM
Topical Term National characteristics.
942 ## - ADDED ENTRY ELEMENTS (KOHA)
Source of Classification
Koha Item Type Non Fiction
Holdings
Library Site Location Shelving Location Source of Acquisition Full Classification Number Accession Number Koha Item Type
APEC San Pablo, Laguna Library APEC San Pablo, Laguna Library Circulation Institutional Fund C 306 H6779c 1991 D01-0000105 Non Fiction

Powered by Koha